Dead Sea Scrolls in English (Record no. 4298)

MARC details
000 -LEADER
fixed length control field 00577nam a2200241 a 4500
020 ## - INTERNATIONAL STANDARD BOOK NUMBER
ISBN
082 00 - DEWEY DECIMAL CLASSIFICATION NUMBER
Classification number 296.155
Author Cutter VER
100 ## - MAIN ENTRY--AUTHOR NAME
Author name Vermes, G
245 ## - TITLE STATEMENT
Title Dead Sea Scrolls in English
260 ## - PUBLICATION, DISTRIBUTION, ETC. (IMPRINT)
Place of publication England
Name of publisher Penguin Book
Year of publication 1975
300 ## - PHYSICAL DESCRIPTION
Number of Pages 281p
500 ## - GENERAL NOTE
General note includes index and biblioraphy
505 2# - FORMATTED CONTENTS NOTE
Formatted contents note appendix, bibl. index
650 ## - SUBJECT ADDED ENTRY--TOPICAL TERM
Topical Term Dead Sea Scrolls
942 ## - ADDED ENTRY ELEMENTS (KOHA)
Koha item type Books
700 1# -
-- Vermes, G
Holdings
Collection code Home library Current library Date acquired Cost, normal purchase price Full call number Accession Number Koha item type
  Henry Martyn Institute Library Henry Martyn Institute Library 07/27/2007 83.75 296.155 VER 09762 Books
                   Copyright © 2026 | Henry Martyn Institute | Hyderabad | TS-500052 | INDIA | Implemented by hmi.edu.in
Hit-Count:

Powered by Koha